| 000 | 02252nam a2200409 c 4500 | ||
|---|---|---|---|
| 003 | BLK | ||
| 005 | 20240615153440.0 | ||
| 008 | 180409b bul|||||r ||||||| ||bul|| | ||
| 010 | _aKNG00115614000 | ||
| 020 |
_a954-90725-2-5 _bиздат.: Д-р Иван Богоров |
||
| 040 | _aBLK | ||
| 041 |
_aBUL _cBUL |
||
| 080 |
_aБългарска литература в основното училище. Методика на обучението _b373.3.016:821.163.2 _x(075.2) _z373.3.016:821.163.2(075.2) |
||
| 080 |
_aЛитературна дейност. Редактиране. Култура на речта. Стилистика. Литературна техника _b808 _x(075.2) _z808(075.2) |
||
| 100 | 1 |
_aВасева, Милена Петрова _eпърви автор _9364002 |
|
| 700 | 1 |
_aМихайлова, Весела Василева _997747 |
|
| 139 |
_aВасева, Милена Петрова и др. _bВ 23 |
||
| 245 | 1 | 0 |
_aСъчинението разсъждение и анализът на лирическите творби, изучавани в седми клас _cМилена Петрова Васева; съавт. Весела Василева Михайлова. |
| 257 | _aBGR | ||
| 260 |
_аСофия _bД-р Иван Богоров _c2001 _fСофия : Д. Благоев |
||
| 300 |
_a104 с. _c22 см |
||
| 380 | _a3 | ||
| 500 | _aСъдържа и На прощаване / Христо Ботев ; Заточеници / Пейо Яворов ; Опълченците на Шипка / Иван Вазов ; Българският език / Иван Вазов. | ||
| 650 | 4 |
_aБългарска литература - учебници за основни училища _9250869 |
|
| 650 | 4 |
_aСъчинение и преразказ _9262069 |
|
| 653 | _aсъчинение | ||
| 653 | _aпреразказ | ||
| 653 | _aбългарска литература | ||
| 653 | _aучебни помагала | ||
| 653 | _aVІІ кл. | ||
| 852 | _aЦб 221260 | ||
| 856 | 4 |
_qpdf _u |
|
| 856 | 4 |
_qpdf _u |
|
| 942 |
_cKNG _n0 _02 |
||
| 944 |
_aCR _c18.10.2004 _lСевдалина Тодорова _k30540 |
||
| 944 |
_aED _c24.10.2016 _lф / _kЛюдмила_Стоянова |
||
| 999 |
_c110289 _d110289 |
||